00631nam a22002297a 4500003000200000005001700002008000200019010001300021020002300034035003300057037001600090040001500106082001800121245008100139260003900220270003800259300002100297500001900318650002700337650002000364700001700384020230110162426.00 aB-019717 c475.00a8187317361 aB-019717, B-019718, B-019721 bCen Lib/Ret aDPLbENc0 a025.1068bIYE aLibrary management of staff training and development /cedited by V. K. Iyer aDelhi bRajat Publications c1999 bDelhia4/32, Geeta Colonye110031 a298p. c20cm(Hb) aIncludes index aLibrary management y  aLibrary science aIyer, V. K.